[Event "Ïåðâåíñòâî Ìîñêâû ïî øàõìàòàì"]
[Site "Ìîñêâà, ÌÃÈÌÎ ïð. Âåðíàäñêîãî,"]
[Date "2018.11.22"]
[Round "6.7"]
[White "Antonian, Grant"]
[Black "Afanasieva, Alexandra"]
[Result "1/2-1/2"]
[WhiteElo "1967"]
[BlackElo "2095"]
[PlyCount "140"]
[EventDate "2018.11.18"]

1. e4 c5 2. Nf3 d6 3. d4 cxd4 4. Nxd4 Nf6 5. f3 e5 6. Nb3 d5 7. Bg5 Be6 8. Bxf6
gxf6 9. exd5 Qxd5 10. Qxd5 Bxd5 11. Nc3 Be6 12. O-O-O Nd7 13. Nd5 O-O-O 14. Bb5
f5 15. Rhe1 Bh6+ 16. Kb1 Bg7 17. g3 Kb8 18. f4 e4 19. Bxd7 Rxd7 20. Ne3 Rhd8
21. c3 b6 22. Kc2 Kc7 23. Rxd7+ Rxd7 24. Rd1 Rxd1 25. Nxd1 Kd6 26. Ne3 Bd7 27.
Nd4 Bxd4 28. cxd4 Be6 29. b3 h5 30. Kd2 Bd7 31. Ke2 Ke6 32. Kf2 Kf6 33. Ke2 Ke6
34. Kd2 Kd6 35. Kc3 Be6 36. a3 a5 37. b4 axb4+ 38. axb4 Kc6 39. h4 b5 40. d5+
Bxd5 41. Kd4 Be6 42. Ke5 Kd7 43. Kf6 Kd6 44. Kg5 Ke7 45. Kxh5 Kf6 46. Kh6 Bc4
47. Kh7 Be2 48. Nd5+ Ke6 49. Ne3 Kf6 50. Kh6 Bf3 51. Nd5+ Ke6 52. Ne3 Kf6 53.
Kh7 Be2 54. Kg8 Kg6 55. Kf8 Kf6 56. Ke8 Ke6 57. Kd8 Kf6 58. Kc7 Bf3 59. Kd6 Be2
60. Nd5+ Kg6 61. Ke5 Bg4 62. Ne3 f6+ 63. Kd5 Be2 64. Kc5 Bd3 65. Kd4 Be2 66.
Nd5 Kf7 67. Nc3 Bc4 68. Ke3 Kg6 69. Nd1 Kh5 70. Kf2 Kg6 1/2-1/2

[Event "Ïåðâåíñòâî Ìîñêâû ïî øàõìàòàì"]
[Site "Ìîñêâà, ÌÃÈÌÎ ïð. Âåðíàäñêîãî,"]
[Date "2018.11.22"]
[Round "6.9"]
[White "Ponomarenko, Anton"]
[Black "Ignatiuk, Nikita"]
[Result "1/2-1/2"]
[WhiteElo "1704"]
[BlackElo "1633"]
[PlyCount "99"]
[EventDate "2018.11.18"]

1. d4 Nf6 2. c4 e6 3. g3 d5 4. Nf3 Be7 5. Bg2 O-O 6. O-O c6 7. Qc2 b6 8. Nbd2
Bb7 9. b3 Na6 10. e4 dxc4 11. bxc4 Nd7 12. e5 Qc7 13. Qe4 Rfd8 14. Ne1 Nf8 15.
f4 Rxd4 16. Qe2 Rdd8 17. Qg4 f5 18. exf6 Bxf6 19. Rb1 c5 20. Ne4 Bxe4 21. Bxe4
Rab8 22. Nf3 Qe7 23. Ne5 Bxe5 24. fxe5 Rd4 25. Be3 Rd7 26. Bg5 Qe8 27. Bc6 Qc8
28. Bxd7 Qxd7 29. Rbd1 Qc7 30. Rd6 Re8 31. Rfd1 Nb4 32. Rd8 Rxd8 33. Rxd8 Qf7
34. Qh4 Nc6 35. Qe4 Nxd8 36. Bxd8 Qd7 37. Bg5 h6 38. Bf4 Kf7 39. Kf2 Ng6 40.
Ke3 Ne7 41. g4 Nc6 42. Kf3 Nd4+ 43. Kg3 Nc6 44. Bxh6 gxh6 45. Qh7+ Ke8 46. Qh8+
Ke7 47. Qf6+ Ke8 48. Qh8+ Kf7 49. Qh7+ Ke8 50. Qh8+ 1/2-1/2

[Event "Ïåðâåíñòâî Ìîñêâû ïî øàõìàòàì"]
[Site "Ìîñêâà, ÌÃÈÌÎ ïð. Âåðíàäñêîãî,"]
[Date "2018.11.23"]
[Round "7.1"]
[White "Zaika, Daniil"]
[Black "Yeritsyan, Aram"]
[Result "0-1"]
[WhiteElo "2191"]
[BlackElo "2354"]
[PlyCount "66"]
[EventDate "2018.11.18"]

1. d4 Nf6 2. c4 e6 3. Nf3 b6 4. Nc3 Bb4 5. Qc2 Bb7 6. a3 Bxc3+ 7. Qxc3 a5 8. b3
d6 9. e3 Nbd7 10. Be2 O-O 11. O-O Ne4 12. Qc2 f5 13. Bb2 c5 14. Rfd1 Ng5 15.
dxc5 Nxc5 16. b4 Nce4 17. Nxg5 Qxg5 18. f4 Qe7 19. Bd4 Qc7 20. Qb3 a4 21. Qa2
Kh8 22. Rac1 e5 23. Ba1 Rf6 24. Bf3 Rg6 25. Kh1 Qe7 26. c5 bxc5 27. bxc5 dxc5
28. Bxe5 Qh4 29. Kg1 Qh3 30. Rf1 Nc3 31. Rxc3 Bxf3 32. Rf2 Rd8 33. Rc1 Bxg2 0-1

[Event "Ïåðâåíñòâî Ìîñêâû ïî øàõìàòàì"]
[Site "Ìîñêâà, ÌÃÈÌÎ ïð. Âåðíàäñêîãî,"]
[Date "2018.11.23"]
[Round "7.2"]
[White "Dudin, Gleb"]
[Black "Pavlov, Danila"]
[Result "1-0"]
[WhiteElo "2207"]
[BlackElo "2330"]
[PlyCount "89"]
[EventDate "2018.11.18"]

1. d4 Nf6 2. c4 e5 3. dxe5 Ng4 4. e3 Nxe5 5. Nh3 d5 6. Qxd5 Qf6 7. Nf4 c6 8.
Qd1 Bf5 9. Nh5 Qg6 10. Nf4 Qf6 11. Nh5 Qe7 12. Ng3 Bg6 13. Be2 h5 14. e4 h4 15.
Nf5 Bxf5 16. exf5 h3 17. g3 Nf3+ 18. Kf1 Ne5 19. f4 Nbd7 20. fxe5 O-O-O 21. Nc3
Nxe5 22. Qc2 g5 23. Ne4 Qd7 24. Nxg5 Bh6 25. Bf4 Qe7 26. Nxh3 Bxf4 27. Nxf4 Qg5
28. Rd1 Rdg8 29. Qe4 Re8 30. Qd4 Qxf5 31. Kg2 Ng6 32. Bd3 Nh4+ 33. Kf2 Qg4 34.
Be4 Rhg8 35. Rd2 Rd8 36. Qc3 f5 37. Rxd8+ Rxd8 38. Bg2 c5 39. Re1 Rd4 40. Bf3
Qg8 41. Re7 Qd8 42. Re2 Qh8 43. Bg2 Qg8 44. Bd5 Qg4 45. Qe3 1-0

[Event "Ïåðâåíñòâî Ìîñêâû ïî øàõìàòàì"]
[Site "Ìîñêâà, ÌÃÈÌÎ ïð. Âåðíàäñêîãî,"]
[Date "2018.11.23"]
[Round "7.3"]
[White "German, Nikita"]
[Black "Girshgorn, Leonid"]
[Result "1-0"]
[WhiteElo "2179"]
[BlackElo "2019"]
[PlyCount "139"]
[EventDate "2018.11.18"]

1. e4 c6 2. d4 d5 3. Nc3 dxe4 4. Nxe4 Nf6 5. Nxf6+ exf6 6. Nf3 Bd6 7. Bd3 O-O
8. O-O Re8 9. c3 Nd7 10. a4 Nf8 11. Be3 Ng6 12. Re1 Bg4 13. h3 Be6 14. b4 Bc7
15. b5 Qd7 16. Rb1 Rad8 17. c4 Nf4 18. Bxf4 Bxf4 19. a5 Bc7 20. a6 cxb5 21.
Rxb5 bxa6 22. Rh5 g6 23. Rh4 Bf5 24. d5 Rxe1+ 25. Nxe1 Bb6 26. Rf4 Qd6 27. Rf3
Bd7 28. Bc2 Rc8 29. Bb3 a5 30. Nd3 a4 31. Ba2 Bd4 32. Rf4 Qb6 33. Qc2 a3 34. c5
Bxc5 35. Rc4 Bxf2+ 36. Qxf2 Rxc4 37. Bxc4 Qb1+ 38. Ne1 Kg7 39. Ba2 Qb2 40. Qxb2
axb2 41. Nd3 Bf5 42. Nxb2 Kf8 43. Kf2 Ke7 44. Ke3 g5 45. Nc4 g4 46. h4 h5 47.
Kf4 Bd3 48. Ne3 Kd7 49. Nf5 a5 50. Ng3 Bg6 51. Ke3 Kd6 52. Kd4 f5 53. Ne2 f6
54. Nf4 Bf7 55. g3 a4 56. Ne2 Be8 57. Nc3 Bd7 58. Bb1 a3 59. Ba2 Be8 60. Bb3
Bd7 61. Ne2 Ba4 62. Ba2 Bb5 63. Nf4 Be8 64. Nd3 Bb5 65. Nf4 Be8 66. Ng2 Bb5 67.
Ne3 Bd7 68. Nc4+ Ke7 69. Ke3 Bb5 70. Nxa3 1-0

[Event "Ïåðâåíñòâî Ìîñêâû ïî øàõìàòàì"]
[Site "Ìîñêâà, ÌÃÈÌÎ ïð. Âåðíàäñêîãî,"]
[Date "2018.11.23"]
[Round "7.4"]
[White "Zavialov, Nikita A"]
[Black "Vetokhin, Ilia"]
[Result "0-1"]
[WhiteElo "2111"]
[BlackElo "2082"]
[PlyCount "76"]
[EventDate "2018.11.18"]

1. e4 c5 2. Nf3 Nc6 3. d4 cxd4 4. Nxd4 Nf6 5. Nc3 d6 6. Bg5 e6 7. Qd2 a6 8.
O-O-O Bd7 9. f4 Be7 10. Nf3 b5 11. e5 b4 12. exf6 gxf6 13. Ne4 d5 14. Nxf6+
Bxf6 15. f5 Bxg5 16. Nxg5 h6 17. fxe6 fxe6 18. Nh3 Qa5 19. Kb1 O-O-O 20. Nf4
Rhe8 21. g3 e5 22. Nxd5 Bg4 23. Bc4 Bxd1 24. Rxd1 Qc5 25. Bb3 Ne7 26. Nxe7+
Qxe7 27. Qe2 Rxd1+ 28. Qxd1 Rd8 29. Qg4+ Kb8 30. a3 bxa3 31. Qg6 Qd6 32. Qe4
axb2 33. Ka2 Qc5 34. Qg6 Qd6 35. Qe4 a5 36. Qc4 Qb4 37. Qe2 e4 38. c3 Qxb3+ 0-1

[Event "Ïåðâåíñòâî Ìîñêâû ïî øàõìàòàì"]
[Site "Ìîñêâà, ÌÃÈÌÎ ïð. Âåðíàäñêîãî,"]
[Date "2018.11.23"]
[Round "7.5"]
[White "Voinikonis, Nikita"]
[Black "Antonian, Grant"]
[Result "1-0"]
[WhiteElo "2164"]
[BlackElo "1967"]
[PlyCount "73"]
[EventDate "2018.11.18"]

1. Nf3 Nf6 2. c4 e6 3. b3 d5 4. e3 Be7 5. Be2 O-O 6. O-O c5 7. Bb2 Nc6 8. cxd5
exd5 9. d4 b6 10. Nc3 Bb7 11. Rc1 Rc8 12. dxc5 Bxc5 13. Nb5 Ne4 14. Nbd4 Nxd4
15. Nxd4 Qg5 16. a3 a5 17. Bf3 Rce8 18. g3 f5 19. Bg2 Qe7 20. b4 axb4 21. axb4
Bxb4 22. Nc6 Bxc6 23. Rxc6 Nd2 24. Bxd5+ Kh8 25. Qh5 Ne4 26. Rxb6 Bd6 27. Rb7
Bc7 28. Bxe4 fxe4 29. Rc1 Rc8 30. Qc5 Qf7 31. Bxg7+ Qxg7 32. Rxc7 Qf6 33. Qc3
Qxc3 34. R1xc3 Rcd8 35. Rc2 Rd1+ 36. Kg2 Rdd8 37. Re7 1-0

[Event "Ïåðâåíñòâî Ìîñêâû ïî øàõìàòàì"]
[Site "Ìîñêâà, ÌÃÈÌÎ ïð. Âåðíàäñêîãî,"]
[Date "2018.11.23"]
[Round "7.6"]
[White "Afanasieva, Alexandra"]
[Black "Fedorov, Nikita"]
[Result "0-1"]
[WhiteElo "2095"]
[BlackElo "1958"]
[PlyCount "108"]
[EventDate "2018.11.18"]

1. e4 e6 2. d4 d5 3. Nc3 Bb4 4. e5 Ne7 5. a3 Bxc3+ 6. bxc3 b6 7. Ne2 Ba6 8. h4
c5 9. h5 h6 10. Nf4 Bxf1 11. Kxf1 Nbc6 12. g4 Qc7 13. Kg2 Rc8 14. Ne2 Na5 15.
Ra2 Nc4 16. Qd3 Kd7 17. Ng3 Rcf8 18. f4 f5 19. exf6 gxf6 20. Re1 f5 21. Ra1
fxg4 22. dxc5 bxc5 23. Rb1 Nf5 24. Qe2 Re8 25. Ne4 dxe4 26. Qxc4 Nd6 27. Qa4+
Ke7 28. Be3 Rb8 29. Rb3 Rhf8 30. Reb1 Rxb3 31. Rxb3 Rf5 32. Rb1 Rxh5 33. Rd1
Rd5 34. Rh1 h5 35. c4 Rf5 36. Qb3 Kf7 37. Qc3 Qd8 38. Rd1 h4 39. Qd2 Ke7 40.
Qf2 g3 41. Qe2 Qg8 42. Rh1 Qh8 43. Rh3 Qh5 44. Qxh5 Rxh5 45. Rh1 Nxc4 46. Bc1
Kf6 47. Kh3 Kf5 48. Re1 Rh7 49. Re2 Rg7 50. Rg2 e3 51. Rg1 g2 52. Kxh4 Kxf4 53.
Kh3 Kf3 54. Kh4 Kf2 0-1

[Event "Ïåðâåíñòâî Ìîñêâû ïî øàõìàòàì"]
[Site "Ìîñêâà, ÌÃÈÌÎ ïð. Âåðíàäñêîãî,"]
[Date "2018.11.23"]
[Round "7.7"]
[White "Ignatiuk, Nikita"]
[Black "Yarikov, Artem"]
[Result "1/2-1/2"]
[WhiteElo "1633"]
[BlackElo "1728"]
[PlyCount "53"]
[EventDate "2018.11.18"]

1. d4 d5 2. Bf4 Nf6 3. e3 Bf5 4. Bd3 Bxd3 5. Qxd3 c6 6. h3 e6 7. Nf3 Bd6 8.
Bxd6 Qxd6 9. Nbd2 Nbd7 10. O-O O-O 11. c3 e5 12. dxe5 Nxe5 13. Nxe5 Qxe5 14.
Rad1 Rfe8 15. Rfe1 Rad8 16. Qd4 Qxd4 17. exd4 Rxe1+ 18. Rxe1 Re8 19. Kf1 Kf8
20. Rxe8+ Nxe8 21. Ke2 Ke7 22. Nf3 f6 23. Ne1 Ke6 24. Ke3 Ke7 25. Ke2 Ke6 26.
Ke3 Ke7 27. Ke2 1/2-1/2

[Event "Ïåðâåíñòâî Ìîñêâû ïî øàõìàòàì"]
[Site "Ìîñêâà, ÌÃÈÌÎ ïð. Âåðíàäñêîãî,"]
[Date "2018.11.23"]
[Round "7.8"]
[White "Zaozerskih, Sergey"]
[Black "Ponomarenko, Anton"]
[Result "1-0"]
[WhiteElo "1909"]
[BlackElo "1704"]
[PlyCount "103"]
[EventDate "2018.11.18"]

1. e4 c5 2. b3 b6 3. g3 Bb7 4. Bg2 Nf6 5. d3 Nc6 6. Bb2 e6 7. Ne2 Be7 8. O-O
Qc7 9. Nbc3 a6 10. d4 cxd4 11. Nxd4 O-O 12. Re1 d6 13. Nxc6 Bxc6 14. Qe2 Nd7
15. Nd5 Bxd5 16. exd5 e5 17. Rad1 f5 18. Bh3 b5 19. Qd2 Rac8 20. Re2 g6 21. Bg2
a5 22. h4 f4 23. Be4 fxg3 24. fxg3 Rf6 25. Rf1 Rxf1+ 26. Kxf1 Nf6 27. Qd3 Rf8
28. Kg2 Qc5 29. Bc1 Ng4 30. Bf3 Nf6 31. Bh6 Rc8 32. Be4 Nxe4 33. Qxe4 Bf8 34.
Be3 Qa3 35. Qg4 Re8 36. Qd7 Re7 37. Qxb5 Qxa2 38. Rf2 Rf7 39. Rxf7 Kxf7 40.
Qd7+ Kg8 41. Qc8 Kg7 42. Bg5 e4 43. Qd7+ Kg8 44. Qe6+ Kg7 45. Bf6+ Kh6 46. Qxe4
g5 47. Bxg5+ Kg7 48. Be3 Qb1 49. Bd4+ Kh6 50. Qe6+ Kh5 51. Qf7+ Kg4 52. Qf4+
1-0

[Event "Ïåðâåíñòâî Ìîñêâû ïî øàõìàòàì"]
[Site "Ìîñêâà, ÌÃÈÌÎ ïð. Âåðíàäñêîãî,"]
[Date "2018.11.24"]
[Round "8.1"]
[White "Yeritsyan, Aram"]
[Black "Pavlov, Danila"]
[Result "0-1"]
[WhiteElo "2354"]
[BlackElo "2330"]
[PlyCount "98"]
[EventDate "2018.11.18"]

1. e4 e6 2. d4 d5 3. Nd2 Nf6 4. e5 Nfd7 5. Bd3 c5 6. c3 Nc6 7. Ne2 cxd4 8. cxd4
f6 9. exf6 Nxf6 10. Nf3 Bd6 11. O-O O-O 12. Bf4 Qc7 13. Bxd6 Qxd6 14. Bb5 Bd7
15. Bxc6 bxc6 16. Rc1 Ng4 17. Ng3 e5 18. dxe5 Nxe5 19. Nxe5 Qxe5 20. Qd2 Rae8
21. Rfe1 Qf4 22. Qxf4 Rxf4 23. Rxe8+ Bxe8 24. Ne2 Rb4 25. b3 Kf7 26. Rc3 Ke6
27. a3 Re4 28. Kf1 Kd6 29. b4 a5 30. Re3 Bg6 31. Rxe4 Bxe4 32. Nc3 axb4 33.
axb4 Ke5 34. f3 Bd3+ 35. Ke1 Kd4 36. Kd2 Bf1 37. g4 Kc4 38. h4 Kxb4 39. h5 h6
40. Nd1 d4 41. f4 c5 42. g5 c4 43. Nf2 c3+ 44. Kc1 d3 45. f5 Kb3 46. Ne4 Bg2
47. Nc5+ Kc4 48. f6 d2+ 49. Kc2 Bf3 0-1

[Event "Ïåðâåíñòâî Ìîñêâû ïî øàõìàòàì"]
[Site "Ìîñêâà, ÌÃÈÌÎ ïð. Âåðíàäñêîãî,"]
[Date "2018.11.24"]
[Round "8.2"]
[White "German, Nikita"]
[Black "Dudin, Gleb"]
[Result "0-1"]
[WhiteElo "2179"]
[BlackElo "2207"]
[PlyCount "134"]
[EventDate "2018.11.18"]

1. e4 e6 2. d4 d5 3. Nd2 c5 4. exd5 Qxd5 5. Ngf3 cxd4 6. Bc4 Qd6 7. O-O Nf6 8.
Nb3 Nc6 9. Nbxd4 Nxd4 10. Nxd4 a6 11. Re1 Qc7 12. Qe2 h6 13. Bd2 Bd6 14. Bc3
O-O 15. Nf3 b5 16. Bxf6 gxf6 17. Bd3 Bb7 18. Be4 Bxe4 19. Qxe4 f5 20. Qh4 Kg7
21. Nd4 Be5 22. c3 Rg8 23. Rad1 Kh7 24. Nf3 Rg4 25. Qh5 Bf6 26. Rd2 Rag8 27. g3
R8g7 28. Red1 Qc6 29. Ne1 Qc4 30. a3 a5 31. Qh3 b4 32. cxb4 axb4 33. axb4 Qxb4
34. Nd3 Qd6 35. Ne1 Qb6 36. Nd3 Rd4 37. Qh5 Rdg4 38. Qh3 Rg8 39. Qh5 Kg7 40.
Nf4 Be5 41. Rd7 Rf8 42. Nd3 Bf6 43. Nf4 Be5 44. Nd3 Bxb2 45. Nxb2 Qxb2 46. R1d2
Qc1+ 47. Rd1 Qc6 48. R7d3 Rb8 49. Rd7 Rf8 50. R7d3 Qc5 51. Rd7 Qe5 52. R7d2 Qe4
53. Rd7 Qf3 54. Qh3 Rb8 55. Qg2 Qxg2+ 56. Kxg2 Rb2 57. Rc7 Rg6 58. Rdd7 Rf6 59.
Re7 f4 60. g4 f3+ 61. Kg3 Rb1 62. h4 Rg1+ 63. Kh3 Rg2 64. g5 hxg5 65. h5 Rxf2
66. Rc8 Rg2 67. Ree8 Rh6 0-1

[Event "Ïåðâåíñòâî Ìîñêâû ïî øàõìàòàì"]
[Site "Ìîñêâà, ÌÃÈÌÎ ïð. Âåðíàäñêîãî,"]
[Date "2018.11.24"]
[Round "8.3"]
[White "Vetokhin, Ilia"]
[Black "Voinikonis, Nikita"]
[Result "1/2-1/2"]
[WhiteElo "2082"]
[BlackElo "2164"]
[PlyCount "83"]
[EventDate "2018.11.18"]

1. d4 Nf6 2. c4 g6 3. g3 Bg7 4. Bg2 d5 5. cxd5 Nxd5 6. Nf3 O-O 7. O-O Nb6 8.
Nc3 Nc6 9. e3 Re8 10. Nh4 Bd7 11. f4 Qc8 12. b3 Bh3 13. Bb2 Bxg2 14. Kxg2 Nb4
15. a3 N4d5 16. Nxd5 Nxd5 17. Re1 f5 18. e4 Nf6 19. e5 Nd5 20. Rc1 a5 21. Qf3
Qe6 22. Kh1 a4 23. b4 c6 24. Ng2 Nc7 25. Ne3 Qb3 26. Qe2 Qe6 27. b5 Rec8 28.
bxc6 bxc6 29. Qg2 Ra6 30. Rc5 Rb8 31. Rec1 Qb3 32. Nc4 Nd5 33. Rxc6 Ne3 34.
Nxe3 Rxc6 35. Qxc6 Qxe3 36. Qe6+ Kh8 37. Rc8+ Bf8 38. Rxb8 Qe4+ 39. Kg1 Qe1+
40. Kg2 Qe2+ 41. Kg1 Qe1+ 42. Kg2 1/2-1/2

[Event "Ïåðâåíñòâî Ìîñêâû ïî øàõìàòàì"]
[Site "Ìîñêâà, ÌÃÈÌÎ ïð. Âåðíàäñêîãî,"]
[Date "2018.11.24"]
[Round "8.4"]
[White "Zavialov, Nikita A"]
[Black "Zaika, Daniil"]
[Result "1/2-1/2"]
[WhiteElo "2111"]
[BlackElo "2191"]
[PlyCount "62"]
[EventDate "2018.11.18"]

1. e4 c5 2. Nf3 d6 3. d4 cxd4 4. Nxd4 Nf6 5. Nc3 a6 6. a4 Nc6 7. b3 e6 8. Bb2
Be7 9. g3 Qb6 10. Nf3 d5 11. Nd2 O-O 12. Bg2 Rd8 13. O-O d4 14. Nc4 Qc7 15. Ne2
e5 16. Nc1 Be6 17. Na3 Nb4 18. Nd3 Rac8 19. Nxb4 Bxb4 20. Ra2 Qb6 21. Qf3 Rc6
22. Rc1 Rdc8 23. Bf1 Bxa3 24. Bxa3 Rc3 25. Qg2 Bxb3 26. Rb1 Rxc2 27. Rxc2 Rxc2
28. Bd3 Rc3 29. Qf1 Qc6 30. f4 exf4 31. gxf4 Nxe4 {çàïèñü íå ÿñíà} 1/2-1/2

[Event "Ïåðâåíñòâî Ìîñêâû ïî øàõìàòàì"]
[Site "Ìîñêâà, ÌÃÈÌÎ ïð. Âåðíàäñêîãî,"]
[Date "2018.11.24"]
[Round "8.6"]
[White "Girshgorn, Leonid"]
[Black "Afanasieva, Alexandra"]
[Result "1-0"]
[WhiteElo "2019"]
[BlackElo "2095"]
[PlyCount "71"]
[EventDate "2018.11.18"]

1. d4 Nf6 2. Bf4 c5 3. dxc5 Na6 4. Nc3 Nxc5 5. Qd2 d6 6. f3 a6 7. e4 e5 8. Be3
Be6 9. O-O-O Qc7 10. Kb1 Be7 11. g4 O-O 12. h4 b5 13. g5 Nh5 14. Nd5 Bxd5 15.
Qxd5 Rac8 16. Bh3 Ne6 17. Qb3 Qc4 18. Bg4 Nhf4 19. Bxf4 exf4 20. Rh2 Rc5 21.
Bxe6 fxe6 22. Qxc4 Rxc4 23. Ne2 e5 24. Nc3 Kf7 25. Nd5 Ke6 26. Rg2 Bd8 27. h5
a5 28. g6 h6 29. Rgd2 Rc6 30. a4 b4 31. Ka2 Bb6 32. c3 bxc3 33. bxc3 Rb8 34.
Rb2 Bc7 35. Nxc7+ Rxc7 36. Rxb8 1-0

[Event "Ïåðâåíñòâî Ìîñêâû ïî øàõìàòàì"]
[Site "Ìîñêâà, ÌÃÈÌÎ ïð. Âåðíàäñêîãî,"]
[Date "2018.11.24"]
[Round "8.7"]
[White "Fedorov, Nikita"]
[Black "Ignatiuk, Nikita"]
[Result "1-0"]
[WhiteElo "1958"]
[BlackElo "1633"]
[PlyCount "73"]
[EventDate "2018.11.18"]

1. e4 c6 2. d4 d5 3. exd5 cxd5 4. c4 Nf6 5. Nc3 e6 6. Nf3 Be7 7. cxd5 Nxd5 8.
Bd3 O-O 9. O-O Nc6 10. a3 Bf6 11. Re1 b6 12. Qc2 Nxd4 13. Nxd4 Bxd4 14. Bxh7+
Kh8 15. Nxd5 exd5 16. Bd3 Bb7 17. Qe2 Qh4 18. Qf3 g6 19. Rb1 Rad8 20. Bd2 Ba8
21. Re2 Bc5 22. g3 Qh7 23. b4 Bd4 24. Qf4 Qg7 25. Qh4+ Qh7 26. Qxd4+ f6 27.
Rbe1 Rd7 28. Re8 Qf7 29. Rxf8+ Qxf8 30. Bxg6 Re7 31. Rxe7 Qxe7 32. Qe3 Qb7 33.
Bd3 b5 34. Qh6+ Kg8 35. Qg6+ Kh8 36. Qxf6+ Kg8 37. Qg6+ 1-0

[Event "Ïåðâåíñòâî Ìîñêâû ïî øàõìàòàì"]
[Site "Ìîñêâà, ÌÃÈÌÎ ïð. Âåðíàäñêîãî,"]
[Date "2018.11.24"]
[Round "8.8"]
[White "Yarikov, Artem"]
[Black "Ponomarenko, Anton"]
[Result "0-1"]
[WhiteElo "1728"]
[BlackElo "1704"]
[PlyCount "112"]
[EventDate "2018.11.18"]

1. e4 c5 2. Nf3 e6 3. d4 cxd4 4. Nxd4 Nf6 5. Bd3 Nc6 6. Nxc6 bxc6 7. c4 d5 8.
cxd5 cxd5 9. exd5 Qxd5 10. f3 Bb4+ 11. Kf1 O-O 12. Be2 Qxd1+ 13. Bxd1 Ba6+ 14.
Be2 Rac8 15. Bd2 Bxe2+ 16. Kxe2 Rc2 17. Kd1 Rxb2 18. Kc1 Rxd2 19. Nxd2 Rc8+ 20.
Kd1 Rd8 21. Rb1 Bxd2 22. Ke2 Ba5 23. Rhd1 Nd5 24. Kf2 Bb6+ 25. Ke1 g5 26. Rb3
Rc8 27. Rb2 Kg7 28. Re2 Rc7 29. Rb2 h5 30. h3 h4 31. Rb5 Nc3 32. Rxg5+ Kf6 33.
Rg4 Nxd1 34. Kxd1 Bf2 35. Rf4+ Ke7 36. Re4 f5 37. Rb4 e5 38. Rb5 Ke6 39. Rb4
Bc5 40. Rxh4 Rg7 41. g4 f4 42. Rh6+ Kd5 43. h4 e4 44. Ke2 Rb7 45. fxe4+ Kxe4
46. Re6+ Kd5 47. Rh6 Be3 48. g5 Rb2+ 49. Kf3 Rf2+ 50. Kg4 Rg2+ 51. Kf3 Rg3+ 52.
Ke2 Bd4 53. Rh7 f3+ 54. Kd2 f2 55. Rd7+ Ke6 56. Rxd4 f1=Q 0-1